000 00423nam a2200181Ia 4500
005 20240823062730.0
008 240823s9999||||xx |||||||||||||| ||und||
041 _aENGLISH
082 _A321.102 N6
100 _aGeetha Nagaraj
245 0 _aEnglish Language Teaching
250 _a1st
260 _c1996
_b"Orient Longman,Hydrabad"
500 _aYES
650 _aGeneral
_bGeneral
942 _cBK
999 _c236578
_d236578